Ecología del paisaje en Chile Central: estudios sobre sus espacios montañosos: investigaciones
Gorde:
| Egile Nagusiak: | , |
|---|---|
| Formatua: | Liburua |
| Hizkuntza: | gaztelania |
| Argitaratua: |
Santiago
Univ. Católica de Chile
1988
|
| Gaiak: | |
| Etiketak: |
Etiketa erantsi
Etiketarik gabe, Izan zaitez lehena erregistro honi etiketa jartzen!
|
MARC
| LEADER | 00000nam a2200000 a 4500 | ||
|---|---|---|---|
| 001 | UCX5657 | ||
| 003 | CL-VaPUC | ||
| 008 | 921229e19880000CL |||||||||||||||||spa|d | ||
| 082 | 0 | 4 | |a 577.53 |b FUE |2 21 |
| 100 | 0 | |a Fuentes Quezada, Eduardo |e author |9 322001 | |
| 700 | 0 | |a Prenafeta Jenkin, Sergio |e author |9 322002 | |
| 245 | 1 | 0 | |a Ecología del paisaje en Chile Central: estudios sobre sus espacios montañosos: investigaciones |
| 300 | |a 125 p | ||
| 942 | |c BK | ||
| 945 | |d 19921229 00:00:00 | ||
| 260 | |a Santiago |b Univ. Católica de Chile |c 1988 | ||
| 650 | 7 | |a ECOLOGIA MONTAÑOSA |2 CL-VaPUC |9 322003 | |
| 651 | 7 | |a ZONA CENTRAL, CHILE |2 CL-VaPUC |9 317575 | |
| 583 | |a last modification |c 19921229 00:00:00 |k Rodrigo Vera | ||
| 999 | |c 225859 |d 225857 | ||
| 952 | |0 0 |1 0 |4 0 |6 577_530000000000000_FUE_1988 |7 0 |8 A |9 223738 |a BIBING |b BIBING |d 2019-11-15 |i 2925729 |o 577.53 FUE 1988 |p 2925729 |r 2025-01-20 |w 2019-11-15 |y BK |k GEO | ||
| 952 | |0 0 |1 0 |4 0 |6 577_530000000000000_FUE_1988 |7 0 |8 A |9 223739 |a BIBING |b BIBING |d 2019-11-15 |i 1666207 |o 577.53 FUE 1988 |p 1666207 |r 2025-01-20 |w 2019-11-15 |y BK |k GEO | ||
| 952 | |0 0 |1 0 |4 0 |6 577_530000000000000_FUE_1988 |7 0 |8 P |9 223740 |a BIBDER |b BIBDER |d 2019-11-15 |i 4122720 |o 577.53 FUE 1988 |p 4122720 |r 2023-01-25 |w 2019-11-15 |y BK |k DER | ||